Score 0/16 Timer 03:00
1 Play Today
Scrambled Center 6-Letter Word % Correct
MISOcosmic
83.9%
REAMcamera
81.6%
OUSTcustom
77.6%
RUTScrusty
76.3%
PIUScuspid
75.4%
HEAPchapel
74.6%
ANIScasing
70.9%
TAREcrater
65.9%
Scrambled Center 6-Letter Word % Correct
HOURchorus
60.6%
OVENconvex
58.9%
ANTIcatnip
57%
PAILcaliph
52.8%
TIERcretin
48.2%
PLEAcaplet
46%
RAIDcardio
42.2%
COREcoerce
29.4%
Remove Ads.
Support Sporcle.
Get the best of Sporcle when you Go Orange. This ad-free experience offers more features, more stats, and more fun while also helping to support Sporcle. Thank you for becoming a member.

You're not logged in!

Compare scores with friends on all Sporcle quizzes.
OR
Log In

Show Comments

Extras

Top Quizzes Today


Score Distribution

Your Account Isn't Verified!

In order to create a playlist on Sporcle, you need to verify the email address you used during registration. Go to your Sporcle Settings to finish the process.

Report this User

Report this user for behavior that violates our Community Guidelines.

Details: